000 004510000a22001810004500
003 LK-CoMWRAF
008 230817t ||||| |||| 00| 0 eng d
040 _aLK-CoMWRAF
_dLK-CoMWRAF
_eLK-CoMWRAF
041 _aeng
082 _a280
_bBAL
100 _aBalchin, Cassandra
245 _aWomen & law
_bcountry project Pakistan
260 _aLahore
_bShirkat Gah
300 _ap.33
490 _aworking paper no.5
650 _awomen & law
942 _cBK
999 _c858
_d858